000 00290nam a2200085Ia 4500
245 0 _aWaiter & waitress training : how to develop your staff for maximum service & profit
100 _a Arduser, Lora Ocala, Fla., 2003
_996003
942 _cBK
008 210817s9999 xx 000 0 und d
999 _c401639
_d401638